<?xml version="1.0" encoding="UTF-8"?><?xml-stylesheet type="text/xsl" href="static/style.xsl"?><OAI-PMH xmlns="http://www.openarchives.org/OAI/2.0/" xmlns:xsi="http://www.w3.org/2001/XMLSchema-instance" xsi:schemaLocation="http://www.openarchives.org/OAI/2.0/ http://www.openarchives.org/OAI/2.0/OAI-PMH.xsd"><responseDate>2026-04-27T07:47:16Z</responseDate><request verb="GetRecord" identifier="oai:repisalud.isciii.es:20.500.12105/10271" metadataPrefix="marc">https://repisalud.isciii.es/rest/oai/request</request><GetRecord><record><header><identifier>oai:repisalud.isciii.es:20.500.12105/10271</identifier><datestamp>2024-11-29T13:17:28Z</datestamp><setSpec>com_20.500.12105_2203</setSpec><setSpec>com_20.500.12105_2202</setSpec><setSpec>col_20.500.12105_19583</setSpec></header><metadata><record xmlns="http://www.loc.gov/MARC21/slim" xmlns:dcterms="http://purl.org/dc/terms/" xmlns:doc="http://www.lyncode.com/xoai" xmlns:xsi="http://www.w3.org/2001/XMLSchema-instance" xsi:schemaLocation="http://www.loc.gov/MARC21/slim http://www.loc.gov/standards/marcxml/schema/MARC21slim.xsd">
   <leader>00925njm 22002777a 4500</leader>
   <datafield ind2=" " ind1=" " tag="042">
      <subfield code="a">dc</subfield>
   </datafield>
   <datafield ind2=" " ind1=" " tag="720">
      <subfield code="a">Biblioteca Nacional de Ciencias de la Salud</subfield>
      <subfield code="e">author</subfield>
   </datafield>
   <datafield ind2=" " ind1=" " tag="260">
      <subfield code="c">2020</subfield>
   </datafield>
   <datafield ind2=" " ind1=" " tag="520">
      <subfield code="a">La Biblioteca Nacional de Ciencias de la Salud (BNCS) presta apoyo documental al Sistema Nacional de Salud, sirviendo de centro de referencia para todas las unidades administrativas sanitarias de nivel central y autonómico. Asimismo se ofrece soporte bibliográfico a las actividades docentes, científicas y de investigación del ISCIII en las sedes de la biblioteca de ambos campus. Desarrolla y actualiza distintos proyectos para visibilizar la literatura científica del área de las ciencias de la salud que se produce en España, a través de la base de datos IBECS (http://ibecs.isciii.es) y el portal SciELO España (http://scielo.isciii.es) y facilitando herramientas para acceder a información científica como el catalogo colectivo de revistas de ciencias de la salud en bibliotecas españolas CNCS (http://cncs.isciii.es/) y la adaptación del tesauro DeCS al espa- ñol. Pone a disposición de todos los investigadores la producción científica e institucional del ISCIII y sus fundaciones (CNIC y CNIO), a través del repositorio institucional REPISALUD (https://repisalud.isciii.es/).</subfield>
   </datafield>
   <datafield ind1="8" ind2=" " tag="024">
      <subfield code="a">BNCS-Memoria ejecutiva 2019  [2021]; BNCS-Memoria completa 2019 [2020].</subfield>
   </datafield>
   <datafield ind1="8" ind2=" " tag="024">
      <subfield code="a">http://hdl.handle.net/20.500.12105/10271</subfield>
   </datafield>
   <datafield tag="653" ind2=" " ind1=" ">
      <subfield code="a">Memorias</subfield>
   </datafield>
   <datafield tag="653" ind2=" " ind1=" ">
      <subfield code="a">Biblioteca</subfield>
   </datafield>
   <datafield ind2="0" ind1="0" tag="245">
      <subfield code="a">Biblioteca Nacional de Ciencias de la Salud: Memoria 2019</subfield>
   </datafield>
</record></metadata></record></GetRecord></OAI-PMH>